000
00228nam a2200097Ia 4500
005
20251222114413.0
008
251222s1900||||xx |||||||||||||| ||spa||
082
_a
DVD0097/R84
245
4
_a
The golden age of the piano:
942
_c
DVD
999
_c
2130
_d
2130